Statistics for Fictional elements, materials and poisons

Click here to take the quiz!

General Stats

  • This quiz has been taken 18 times
  • The average score is 4 of 17

Answer Stats

HintAnswer% Correct
most often, a green crystal deadly to beings from its planet of originkryptonite
83%
durable silvery metal found in Middle Earthmithril
61%
metal found in Wakanda that absorbs all kinetic energy directed at itvibranium
44%
impossible to get material or mineral found on Pandoraunobtanium
33%
valuable substance used as medium of exchange in the Federationgold pressed {latinum}
22%
classical element and/or infinity gemaether
17%
substance that gains energy when striking an object; invented by professorflubber
17%
odorless, colorless poison; non-fatal if an immunity has been built up{iocane} powder
17%
spice that turns eyes blue; can be used by some to fold spacemelange
17%
mystical metal of Asgard used in weaponsuru
17%
crystal used in core of warp engines{dilithium} crystals
11%
poisonous berry found in Panemnightlock
11%
nearly indestructible metal alloy; can be bonded to bonesadmantium
6%
it has electrolytes…not like water from the toiletBrawndo™
6%
particle associated with time travel or time manipulationchronoton
6%
poison kills within minutes and leaves grin on victim; delivered using cosmeticssmilex
0%
creates mist that transforms Inhumans{terragen} crystals
0%

Score Distribution

Percentile by Number Answered

Percent of People with Each Score

Your Score History

You have not taken this quiz